<?xml version="1.0" encoding="UTF-8"?>
<collection xmlns="http://www.loc.gov/MARC21/slim">
 <record>
  <leader>00782cam a2200193 7i4500</leader>
  <controlfield tag="001">0000004651</controlfield>
  <controlfield tag="005">20020421090000.0</controlfield>
  <datafield tag="035" ind1="0" ind2="0">
   <subfield code="a">0096-00260</subfield>
  </datafield>
  <datafield tag="090" ind1="0" ind2="0">
   <subfield code="a">SH 307 </subfield>
   <subfield code="b">M3 A21 bil.2</subfield>
  </datafield>
  <datafield tag="245" ind1="0" ind2="0">
   <subfield code="a">Pukat hanyut  </subfield>
   <subfield code="c">oleh Cawangan Pengembangan dan Latihan, Bahagian Perikanan..</subfield>
  </datafield>
  <datafield tag="260" ind1="0" ind2="0">
   <subfield code="a">Kuala Lumpur: </subfield>
   <subfield code="b">Unit Penerbitan, Kem. Pertanian dan Perikanan, </subfield>
   <subfield code="c">1979..</subfield>
  </datafield>
  <datafield tag="300" ind1="#" ind2="#">
   <subfield code="a">8p.: </subfield>
   <subfield code="b">ill.; </subfield>
   <subfield code="c">23cm..</subfield>
  </datafield>
  <datafield tag="490" ind1="0" ind2="0">
   <subfield code="a">Risalah perikanan; </subfield>
   <subfield code="v">bil.2.</subfield>
  </datafield>
  <datafield tag="650" ind1="0" ind2="0">
   <subfield code="a">Fisherie -- </subfield>
   <subfield code="x">Equipment and supplies. -- </subfield>
   <subfield code="z">Malaysi </subfield>
  </datafield>
  <datafield tag="650" ind1="0" ind2="0">
   <subfield code="a">Trawls and trawlin -- </subfield>
   <subfield code="z">Malaysia. </subfield>
  </datafield>
  <datafield tag="830" ind1="0" ind2="0">
   <subfield code="a">Risalah perikanan (Malaysia Bahagian Perikanan) bil.2.</subfield>
  </datafield>
  <datafield tag="999" ind1=" " ind2=" ">
   <subfield code="a">1000383375</subfield>
   <subfield code="b">Book</subfield>
   <subfield code="c">Open Shelf</subfield>
   <subfield code="e">KOLEKSI TERBUKA</subfield>
  </datafield>
  <datafield tag="999" ind1=" " ind2=" ">
   <subfield code="a">1000394836</subfield>
   <subfield code="b">Book</subfield>
   <subfield code="c">Open Shelf</subfield>
   <subfield code="e">KOLEKSI TERBUKA</subfield>
  </datafield>
  <datafield tag="999" ind1=" " ind2=" ">
   <subfield code="a">1000396225</subfield>
   <subfield code="b">Book</subfield>
   <subfield code="c">Open Shelf</subfield>
   <subfield code="e">KOLEKSI TERBUKA</subfield>
  </datafield>
 </record>
</collection>
